|
|
|
|
| LEADER |
00000nam0a2200000 4500 |
| 001 |
1832 |
| 005 |
20231030173423.0 |
| 010 |
|
|
|a 5256011650
|
| 035 |
|
|
|a (RuTPU)RU\TPU\book\1841
|
| 035 |
|
|
|a BOOK00001843
|
| 090 |
|
|
|a 1832
|
| 100 |
|
|
|a 20011209d1996 km y0rusy50 ca
|
| 101 |
1 |
|
|a rus
|c eng
|
| 102 |
|
|
|a RU
|
| 105 |
|
|
|a a g 000zy
|
| 200 |
1 |
|
|a Paradox
|e Методы программирования
|e пер. с англ.
|f Г. Б. Салседо, М. У. Руди
|
| 210 |
|
|
|a Москва
|c Радио и связь
|d 1996
|
| 215 |
|
|
|a 384 с.
|c ил.
|
| 610 |
1 |
|
|a электронные вычислительные машины
|
| 610 |
1 |
|
|a ЭВМ
|
| 610 |
1 |
|
|a базы данных
|
| 610 |
1 |
|
|a БД
|
| 610 |
1 |
|
|a системы управления
|
| 610 |
1 |
|
|a СУБД
|
| 610 |
1 |
|
|a Paradox
|
| 610 |
1 |
|
|a методы программирования
|
| 610 |
1 |
|
|a справочники
|
| 675 |
|
|
|a 681.3.016(03)
|v 3
|
| 700 |
|
1 |
|a Салседо
|b Г. Б.
|g Грегори Б.
|
| 701 |
|
1 |
|a Руди
|b М. У.
|g Мартин У.
|
| 801 |
|
0 |
|a RU
|b 63413507
|c 20011209
|g PSBO
|
| 801 |
|
2 |
|a RU
|b 63413507
|c 20051103
|g PSBO
|
| 942 |
|
|
|c BK
|